00477pam a2200157 a 4500020002000000040001600020041000800036082001600044100002800060245010000088250000700188260002800195300001700223365002900240504005000269 a1-55581-262-7c aMIZU_796012 aeng a574.29bLAM aLamont, Richard J., ed. aOral microbiology and immunologycedited by Richard J. Lamont ... [ et al. ]hTextual Documents a2. aWashington:bASM.c2006 axvii, 504 p. aUSD. 79.95 / Rs. 3733.67 aIncludes bibliographical references and index